Équipe d'Algérie de Football - Tous les joueurs (2010-....) - Statistiques

Statistiques générales
  • Ce quiz a été pris 1 434 fois
    275 depuis la dernière actualisation
  • Le résultat moyen est 35 sur 145
Statistiques - réponses
Première sélection Dernière sélection Joueur Nb de sélections % Correct
2014 Riyad Mahrez 106
99%
2012 Islam Slimani 101
88%
2014 Aïssa Mandi 109
73%
2017 Ramy Bensebaini 75
73%
2010 2021 Raïs M'Bolhi 96
72%
2015 Youcef Belaïli 58
69%
2014 Baghdad Bounedjah 80
68%
2016 Ismaël Bennacer 51
68%
2012 Sofiane Feghouli 83
67%
2017 Youcef Atal 50
64%
2022 Billal Brahimi 4
61%
2013 2024 Yacine Brahimi 69
61%
2021 Mohamed El Amine Amoura 37
53%
2021 Ramiz Zerrouki 43
52%
2018 Hicham Boudaoui 27
51%
2017 Adam Ounas 24
48%
2010 2022 Adlène Guedioura 63
47%
2014 Nabil Bentaleb 58
47%
2004 2015 Madjid Bougherra 70
45%
2022 Anthony Mandrea 20
44%
2008 2012 Abdelkader Ghezzal 28
41%
2019 2023 Andy Delort 15
41%
2018 Djamel Benlamri 30
41%
2013 2017 Faouzi Ghoulam 37
41%
2015 2022 Rachid Ghezzal 22
41%
2003 2011 Karim Ziani 62
40%
2022 Mohamed Amine Tougai 25
40%
2015 Saïd Benrahma 40
39%
2004 2012 Antar Yahia 53
38%
2008 2018 Faouzi Chaouchi 15
38%
2025 Luca Zidane 1
38%
2008 2019 Rafik Halliche 41
38%
2013 2019 Saphir Taïder 46
38%
2010 2010 Habib Bellaïd 1
37%
2019 Alexandre Oukidja 7
36%
2010 2021 Hillal Soudani 56
36%
2014 2021 Mehdi Zeffane 19
36%
1998 2010 Rafik Saïfi 64
34%
2024 Anis Hadj Moussa 7
33%
2010 2018 Carl Medjani 57
33%
2023 Rayan Aït-Nouri 19
33%
2024 Ibrahim Maza 6
32%
2010 2017 Abdelmoumene Djabou 13
31%
2023 Houssem Aouar 16
31%
2004 2012 Nadir Belhadj 55
31%
2009 2014 Hassan Yebda 26
30%
2016 Yassine Benzia 16
30%
2023 Amine Gouiri 19
29%
2010 2014 Mehdi Mostefa 25
29%
2021 Ahmed Touba 16
28%
2010 2015 Mehdi Lacen 43
28%
2021 Adem Zorgane 22
27%
2023 Farès Chaïbi 21
27%
2017 2021 Mohamed Farès 12
27%
2010 2014 Mohamed Lamine Zemmamouche 8
27%
2010 2017 Ryad Boudebouz 25
26%
2016 Sofiane Bendebka 15
26%
2011 2019 Azzedine Doukha 15
24%
2010 2017 Djamel Mesbah 36
24%
2025 Ilan Kebbal 1
24%
2013 Ishak Belfodil 20
24%
2007 2012 Karim Matmour 30
24%
2022 Riad Benayad 2
24%
2019 Haris Belkebla 11
23%
2015 Mehdi Tahrat 16
23%
2012 2018 Essaïd Belkalem 19
22%
2023 Jaouen Hadjam 12
22%
2025 Rafik Belghali 2
22%
2023 Himad Abdelli 4
21%
2021 Ilyes Chetti 3
21%
2007 2012 Kamel Ghilas 19
21%
2012 2017 Liassine Cadamuro 15
21%
2013 2014 Nabil Ghilas 8
21%
2022 Oussama Benbot 1
21%
2006 2014 Rafik Djebbour 33
20%
2025 Samir Chergui 1
20%
2023 Alexis Guendouz 13
19%
2010 2015 Foued Kadir 25
19%
2001 2010 Lounès Gaouaoui 48
19%
2015 Mehdi Abeid 19
19%
2009 2010 Mourad Meghni 9
19%
2001 2010 Yazid Mansouri 67
19%
2017 2022 Abdelkader Bedrane 23
18%
2012 2012 Cédric Si Mohamed 1
18%
2023 Zineddine Belaïd 3
18%
2008 2013 Khaled Lemmouchia 27
17%
2021 2024 Moustapha Zeghba 8
17%
2019 Amir Sayoud 4
16%
2020 Farid Boulaya 8
16%
2021 Houcine Benayada 11
15%
2025 Mehdi Dorval 1
15%
2018 Réda Halaïmia 6
15%
2016 Sofiane Hanni 12
15%
2010 2016 Djamel Abdoun 11
14%
2010 2016 Walid Mesloub 7
14%
2022 Abdelkahar Kadri 1
13%
2023 Badredine Bouanani 6
13%
2007 2013 Hameur Bouazza 21
13%
2003 2010 Samir Zaoui 24
13%
2013 2021 Zinedine Ferhat 13
13%
2022 2022 Billel Omrani 1
12%
1998 2010 Slimane Raho 48
12%
2017 Ayoub Abdellaoui 8
11%
2015 Hicham Belkaroui 9
11%
2006 2010 Réda Babouche 2
10%
2004 2011 Abdelkader Laïfaoui 8
9%
2024 Mohamed Farsi 5
9%
2010 2014 Abdelmalek Ziaya 6
8%
2017 Mokhtar Belkhiter 8
8%
2024 Ahmed Kendouci 13
7%
2017 2018 Farid El Melali 3
7%
2018 2018 Houssam Ghacha 1
7%
2020 2020 Mehdi Zerkane 1
7%
2022 Akim Zedadka 1
6%
2006 2017 Mohamed Rabie Meftah 24
6%
2024 Amin Chiakha 1
5%
2017 Malik Asselah 3
5%
2001 2013 Yacine Bezzaz 23
5%
2011 2017 Abderahmane Hachoud 4
4%
2024 Mohamed Amine Madani 4
4%
2021 Naoufel Khacef 3
4%
2017 2017 Chamseddine Rahmani 1
3%
2020 2020 Karim Aribi 1
3%
2018 Mohamed Benkhemassa 5
3%
2017 Oussama Darfalou 3
3%
2022 2022 Yanis Hamache 1
3%
2006 2010 Chadli Amri 10
2%
2017 2017 Idriss Saadi 2
2%
2015 2015 Ahmed Kashi 1
1%
2013 2013 Ali Rial 1
1%
2013 2013 Amir Karaoui 1
1%
2015 2015 Brahim Boudebouda 1
1%
2017 Ilias Hassani 3
1%
2013 2013 Laurent Agouazi 2
1%
2010 2015 Mohamed Amine Aoudia 7
1%
2011 2013 Saad Tedjar 7
1%
2010 2010 Zahir Zerdab 1
1%
2019 2019 Zakaria Naidji 1
1%
2020 2020 Abdeljalil Medioub 1
0%
2012 2012 Hamza Boulemdaïs 1
0%
2005 2012 Hocine Metraf 6
0%
2015 Ibrahim Chenihi 3
0%
2007 2012 Ismaël Bouzid 12
0%
2010 2010 Karim Benyamina 2
0%
2012 2012 Mohamed Chalali 1
0%
Aucun quiz correspondant
Distribution des résultats
% des personnes avec chaque résultat
Percentile par nombre de réponses
Votre historique - résultats
Vous n’avez pas pris ce quiz depuis la dernière actualisation